Генезис косвенных наклонений французского глагола

Библиографические подробности
Главный автор: Сабанеева М. К. Маргарита Константиновна
Автор-организация: Ленинградский государственный университет
Язык:русский
французский
Опубликовано: Ленинград, Изд-во ЛГУ, 1981
Предметы:
Формат: Книга
Запись в KOHA:https://koha.lib.tpu.ru/cgi-bin/koha/opac-detail.pl?biblionumber=365191

MARC

LEADER 00000nam0a2200000 4500
001 365191
005 20231102011748.0
035 |a (RuTPU)RU\TPU\retro\22554 
090 |a 365191 
100 |a 20211217d1981 km y0rusy50 ca 
101 0 |a rus  |a fre 
102 |a RU 
105 |a y z 001zy 
200 1 |a Генезис косвенных наклонений французского глагола  |f М. К. Сабанеева  |g Ленинградский государственный университет 
210 |a Ленинград  |c Изд-во ЛГУ  |d 1981 
215 |a 183 с. 
320 |a Библиогр.: с. 167-181 
606 1 |a Французский язык  |x Грамматика  |2 stltpush  |3 (RuTPU)RU\TPU\subj\16823  |9 42723 
610 1 |a глаголы 
610 1 |a наклонения 
610 1 |a генезис 
610 1 |a модальность 
610 1 |a конъюнктива 
610 1 |a латынь 
686 |a Ш147.11-2  |v LBC/SL-A  |2 rubbk 
700 1 |a Сабанеева  |b М. К.  |g Маргарита Константиновна 
712 0 2 |a Ленинградский государственный университет  |c (1924-1991)  |2 stltpush  |3 (RuTPU)RU\TPU\col\77  |9 23175 
801 1 |a RU  |b 63413507  |c 20211217 
942 |c BK